Membri dell’Unione Europea - Statistics

Statistiche generali
  • Questo quiz è stato fatto 456 volte
  • Il punteggio medio è 25 su 28
Statistiche sulle risposte
Anno di adesione Paese % Corretto
1957 Francia
99%
1957 Italia
99%
1986 Spagna
98%
1957 Germania
97%
1986 Portogallo
96%
1957 Paesi bassi
94%
1957 Belgio
93%
1995 Svezia
92%
1995 Austria
91%
2013 Croazia
90%
1981 Grecia
90%
2004 Estonia
88%
1995 Finlandia
88%
1973 Irlanda
87%
2004 Lettonia
87%
1957 Lussemburgo
87%
2007 Romania
87%
2004 Slovenia
87%
2004 Lituania
86%
2004 Polonia
86%
2004 Ungheria
86%
1973 Regno Unito
85%
2004 Slovacchia
85%
2007 Bulgaria
83%
2004 Repubblica Ceca
83%
1973 Danimarca
82%
2004 Malta
80%
2004 Cipro
64%
Nessun quiz corrispondente trovato
Distribuzione punteggi
Percentuale di utenti per punteggio
Percentile per numero di risposta
I tuoi punteggi nel tempo
Non hai fatto questo quiz